00903nam a2200241 i 450000100060000000300090000600500170001500700030003200800410003502000180007610000280009424501680012226000400029030000300033050000120036050400200037265000320039270000310042470000360045585200320049199900170052395201210054084663ES-MaACL20250720204358.0t|041123s1982 sp ||||1| spa d a84-252-1091-71 aJencks, Charles.96628710aArquitectura tardomoderna y otros ensayos / cCharles Jencks ; [versión castellana de Justo G. Beramendi ; revisión bibliográfica por Xavier Güell i Guix]. aBarcelona : bGustavo Gili, c1982. a200 p. : bil. ; c29 cm. aIndice. aBibliografía.04aArquitectura-yS.XX.9100071 aBeramendi, Justo G.9278201 aGüell, Xavier, d1950-960411 aES-MaACLjL-9072 bR.111056 c84663d84663 00104070aATENEOMbATENEOMcDEPO2d2008-01-17eSCl0oL-9072p1088480r2023-02-23 00:00:00w2023-02-23yMONOGRAFIA